Normal view
MARC view
- Husnain Sadiq (00000170417)
Entry Personal Name
001 - CONTROL NUMBER
- control field: 116408
003 - CONTROL NUMBER IDENTIFIER
- control field: NUST
005 - DATE AND TIME OF LATEST TRANSACTION
- control field: 20230912165942.0
008 - FIXED-LENGTH DATA ELEMENTS
- fixed length control field: 230912|| aca||aabn | a|a d
040 ## - CATALOGING SOURCE
- Original cataloging agency: NUST
- Transcribing agency: NUST
100 ## - HEADING--PERSONAL NAME
- Personal name: Husnain Sadiq (00000170417)
670 ## - SOURCE DATA FOUND
- Source citation: Work cat.: (NUST): Husnain Sadiq (00000170417), Impact of PV penetration on MV feeder of NUST /, 2018
